| 000 | 00678nam a2200181 a 4500 | ||
|---|---|---|---|
| 003 | PILC | ||
| 005 | 20150112093441.0 | ||
| 008 | 100727s19uu xx 00 eng d | ||
| 020 | _a9719317027 | ||
| 050 |
_aN 7311 _b.So727 2005 |
||
| 082 |
_aSFf 709.59 _bSo86 2005 |
||
| 100 |
_aAssociation of Southeast Asian Nations Committee on Culture and Information _919385 |
||
| 245 |
_aSoutheast Asian Art and Culture : _bIdeas, forms and societies / |
||
| 260 |
_aIndonesia : _bAssociation of Southeast Asian Nations Committee on Culture and Information, _c2005. |
||
| 300 |
_a143 pages : _bcolored illustration ; _c25 cm. |
||
| 650 |
_aArts - Asian countries _919386 |
||
| 942 |
_2lcc _cBK |
||
| 999 |
_c14770 _d14770 |
||